| 000 | 00480nam a2200181Ia 4500 | ||
|---|---|---|---|
| 003 | LK-CoDNM | ||
| 005 | 20241206094740.0 | ||
| 008 | 010623t1984 xxu||||| |||| 00| 1 eng d | ||
| 040 |
_aLK-CoDNM _dLK-CoDNM _eLK-CoDNM |
||
| 041 | _aeng | ||
| 080 | _a294.3:008(4) | ||
| 100 | _aGuruge,Ananda.W.P. | ||
| 245 | _aBuddhism The Religion and Its Culture | ||
| 260 |
_bDharmaduta Activities Committee _c1984 |
||
| 300 | _b252p. : 21 cm | ||
| 650 | _aBUddhist Culture | ||
| 942 | _cBK | ||
| 999 |
_c112377 _d112377 |
||